| 000 | 00696nas a2200229 4500 | ||
|---|---|---|---|
| 001 | BR0500246 | ||
| 003 | BR-BrBNA | ||
| 005 | 20231205105052.0 | ||
| 007 | ta | ||
| 008 | 230509b bl.|||p| |||| 00| 00por d | ||
| 040 |
_aBR-BrBNA _bpor _cBiblioteca Nacional de Agricultura |
||
| 041 | _a(Pt) | ||
| 072 | _aK50; u20 | ||
| 100 | 1 | _aAlbuquerque, C.E.C. de | |
| 245 | 1 | _aAvaliação de um equipamento utilizado para a pré-secagem de partículas de madeira | |
| 650 | _aCOMPENSADO | ||
| 650 | _aEQUIPAMENTO FLORESTAL | ||
| 650 | _aSECAGEM | ||
| 773 | 0 |
_tCerne (Brazil) _xISSN 0104-7760 _g(2001), v. 7(1) p. 69-83 _wBR0500246 |
|
| 909 |
_a202311 _bLúcia _c55 _dLúcia Elande |
||
| 942 |
_2AGRIS _n0 _cANA |
||
| 999 |
_c181086 _d181086 |
||